Human Resource Development: (Record no. 2172)

MARC details
000 -LEADER
fixed length control field 00596nam a22001937a 4500
003 - CONTROL NUMBER IDENTIFIER
control field OSt
005 - DATE AND TIME OF LATEST TRANSACTION
control field 20191108154016.0
008 - FIXED-LENGTH DATA ELEMENTS--GENERAL INFORMATION
fixed length control field 150730b xxu||||| |||| 00| 0 eng d
020 ## - INTERNATIONAL STANDARD BOOK NUMBER
International Standard Book Number 0273612352
040 ## - CATALOGING SOURCE
Transcribing agency DNLM
082 ## - DEWEY DECIMAL CLASSIFICATION NUMBER
Classification number 658.3 HUM 1996
100 ## - MAIN ENTRY--PERSONAL NAME
Personal name Edited by Stewart, Jim; McGoldrick, Jim
9 (RLIN) 13051
245 ## - TITLE STATEMENT
Title Human Resource Development:
Remainder of title Perspectives, strategies and practice
260 ## - PUBLICATION, DISTRIBUTION, ETC. (IMPRINT)
Place of publication, distribution, etc. London:
Name of publisher, distributor, etc. Finacial Times;
Date of publication, distribution, etc. 1996.
300 ## - PHYSICAL DESCRIPTION
Extent viii, 312 p :
Other physical details ill ;
Dimensions 27 cm.
504 ## - BIBLIOGRAPHY, ETC. NOTE
Bibliography, etc Includes bibliographical references and index.
650 ## - SUBJECT ADDED ENTRY--TOPICAL TERM
Topical term or geographic name as entry element Human resource
9 (RLIN) 5566
942 ## - ADDED ENTRY ELEMENTS (KOHA)
Source of classification or shelving scheme Other/Generic Classification Scheme
Koha item type Short Loan
Holdings
Withdrawn status Lost status Source of classification or shelving scheme Damaged status Not for loan Home library Current library Date acquired Source of acquisition Inventory number Total Checkouts Full call number Barcode Date last seen Price effective from Koha item type
    Other/Generic Classification Scheme     MUST Main Library MUST Main Library 30/07/2015   2001/15346   658.3 HUM 1996 2015-2126 30/07/2015 30/07/2015 Short Loan
    Other/Generic Classification Scheme     MUST Main Library MUST Main Library 30/07/2015   2001/15347   658.3 HUM 1996 2015-2133 30/07/2015 30/07/2015 Short Loan